000 00405nam a2200181Ia 4500
001 7771
005 20260306160519.0
008 260306t2008||||xx |||||||||||||| ||spa||
041 _aESP
082 _a361.8
_bF51 2008
100 _aSanborn, Cynthia
_eAUT
245 0 _aFilantropĂ­a
260 _c2008
300 _a484 páginas :
_ccm.
650 _aGEN
654 _aCAN
942 _cLIB
_dJUS
_fJUS
_2ddc
_n
999 _c7771
_d7771